Desarrollo psicomotor de la primera infancia / (Record no. 87105)

MARC details
000 -LEADER
campo de control de longitud fija 00660nam a2200217 i 4500
001 - NÚMERO DE CONTROL
campo de control 87105
003 - IDENTIFICADOR DE NÚMERO DE CONTROL
campo de control ES-MaACL
005 - FECHA Y HORA DE LA ÚLTIMA TRANSACCIÓN
campo de control 20251207151549.0
007 - CAMPO FIJO DE DESCRIPCIÓN FÍSICA--INFORMACIÓN GENERAL
campo de control de longitud fija t|
008 - DATOS DE LONGITUD FIJA--INFORMACIÓN GENERAL
campo de control de longitud fija 041220s1957 sp ||||1| spa d
100 1# - ENTRADA PRINCIPAL--NOMBRE DE PERSONA
Nombre de persona Koupernik, Cyrille.
9 (RLIN) 68661
245 10 - MENCIÓN DEL TÍTULO
Título Desarrollo psicomotor de la primera infancia /
Mención de responsabilidad, etc. Cyrille Koupernik ; [traducción directa por C. Mata Ros].
250 ## - MENCION DE EDICION
Mención de edición [1ª ed.].
260 ## - PUBLICACIÓN, DISTRIBUCIÓN, ETC.
Lugar de publicación, distribución, etc. Barcelona :
Nombre del editor, distribuidor, etc. Luis Miracle,
Fecha de publicación, distribución, etc. [1957] (
Fabricante Agustín Núñez)
300 ## - DESCRIPCIÓN FÍSICA
Extensión 179 p. ;
Dimensiones 19 cm.
490 1# - MENCIÓN DE SERIE
Mención de serie Paideia
700 1# - ENTRADA AGREGADA--NOMBRE PERSONAL
Nombre de persona Mata Ros, C.
9 (RLIN) 78897
830 0# - PUNTO DE ACCESO ADICIONAL DE SERIE-TÍTULO UNIFORME
Título uniforme Paideia
9 (RLIN) 179731
852 ## - LOCALIZACIÓN
Ubicación ES-MaACL
Número de control de estantería C-12577
Sublocalización o colección R.40602
Holdings
Estatus retirado Estado de pérdida Estado de daño No para préstamo Biblioteca de origen Biblioteca actual Ubicación en estantería Fecha de adquisición Fuente de adquisición Total de préstamos Signatura topográfica completa Código de barras Visto por última vez Precio de reemplazo Tipo de ítem Koha
        Biblioteca del Ateneo de Madrid Biblioteca del Ateneo de Madrid Sala Palomar 17/01/2008     C-12577 1091011 23/02/2023 23/02/2023 Libro impreso